000 01216nam0a2200325 i 4500
001 RU\NLR\BIBL_A\010026470
005 20240921215200.0
010 _a9785699627387
_94000
021 _aRU
_b2013-82630
_9760д/13
035 _a(NILC)RuMoRGB-006694640
035 _a(NLR Aleph) 010026470
090 _a9926881
_c9926881
100 _a20140130d2013 k y0rusy50 ca
101 1 _arus
_ceng
102 _aRU
105 _aa||||||||||||
200 1 _aАнатомия упражнений для женщин
_fЛиза Пурселл
_g[пер. с англ.: С.Ю. Чигринец]
210 _aМосква
_cЭксмо
_d2013
215 _a159, [1] с.
_cцв. ил.
_d27
225 1 _aАнатомия здоровья
606 1 _aГимнастика для женщин
_jПопулярные издания
_xАнатомо-физиологические основы
_92192772
_3RU\NLR\AUTH\6601553663
675 _a796.012.6-055.2
686 _aЧ516.510.7я9
700 1 _aПурселл
_bЛ.
_gЛиза
_4070
801 0 _aRU
_bRuMoRKP
_c20131014
_gRCR
801 2 _aRU
_bРГБ
_c20131127
_grcr
942 _cBOOK
980 _aNBR